All Present and Past US States, Territories, and Occupation Zones - Statistics

General Stats
  • This quiz has been taken 229 times
  • The average score is 102 of 139
Answer Stats
Year State % Correct
US Administered Territory 1914 Veracruz
95%
State 1959-Present Alaska
93%
Overseas Territory 1912-1958 Alaskan Territory
93%
State 1850-Present California
93%
Overseas Territory 1867-1884 Department of Alaska
93%
Overseas Territory 1884-1911 District of Alaska
93%
State 1959-Present Hawaii
93%
Overseas Territory 1900-1958 Hawaiian Territory
93%
State 1845-18611870-Present Texas
93%
State 1889-Present Washington
93%
Mainland Territory 1801-Present Washington DC
93%
Mainland Territory 1859-1888 Washington Territory
93%
State 1845-1861 Florida
92%
Mainland Territory 1822-1844 Florida Territory
92%
Mainland Territory 1854-1906 Indian Territory
92%
State 1812-18611868-Present Louisiana
92%
Mainland Territory 1803-1811 Louisiana Territory
92%
State 1912-Present New Mexico
92%
Mainland Territory 1854-1911 New Mexico Territory
92%
State 1912-Present Arizona
91%
Mainland Territory 1867-1911 Arizona Territory
91%
Mainland Territory 1861-1888 Dakota Territory
91%
State 1788-18611868-1869 1870-Present Georgia
91%
Mainland Territory 1854-1860 Kansas Territory
91%
State 1792-Present Kentucky
91%
State 1817-1861 1870-Present Mississippi
91%
State 1788-Present New York
91%
State 1789-18611868-Present North Carolina
91%
State 1889-Present North Dakota
91%
State 1889-Present South Dakota
91%
State 1788-18611870-Present Virginia
91%
State 1836-1861 1868-Present Arkansas
90%
State 1837-Present Ohio
90%
State 1788-18601868-Present South Carolina
90%
State 1817-18611868-Present Alabama
89%
Mainland Territory 1817 Alabama Territory
89%
Joint Military Occupation 1943-1945 Allied Military Government in Occupied Territories
89%
Mainland Territory 1819-1835 Arkansas Territory
89%
State 1876-Present Colorado
89%
State 1788-Present Connecticut
89%
State 1787-Present Delaware
89%
State 1846-Present Iowa
89%
Mainland Territory 1838-1845 Iowa Territory
89%
State 1861-Present Kansas
89%
State 1837-Present Maine
89%
State 1837-18611861-Present Missouri
89%
State 1889-Present Montana
89%
Mainland Territory 1864-1888 Montana Territory
89%
State 1867-Present Nevada
89%
State 1788-Present New Hampshire
89%
State 1907-Present Oklahoma
89%
State 1859-Present Oregon
89%
State 1803-18611866-Present Tennessee
89%
State 1896-Present Utah
89%
Mainland Territory 1850-1895 Utah Territory
89%
State 1863-Present West Virginia
89%
State 1788-Present Massachusetts
88%
Mainland Territory 1890-1906 Oklahoma Territory
88%
Mainland Territory 1848-1852 Oregon Territory
88%
State 1890-Present Wyoming
88%
Overseas Territory 1899-Present Guam
87%
State 1890-Present Idaho
87%
Mainland Territory 1864-1889 Idaho Territory
87%
State 1818-Present Illinois
87%
State 1788-Present Maryland
87%
State 1858-Present Minnesota
87%
State 1787-Present New Jersey
87%
Joint Military Occupation 1918-1921 Rhineland
87%
State 1790-Present Rhode Island
87%
US Military Occupation 1945-1949 US Occupied Germany
87%
State 1791-Present Vermont
87%
US Military Occupation 1949-1990 West Berlin
87%
State 1848-Present Wisconsin
87%
Mainland Territory 1836-1847 Wisconsin Territory
87%
Mainland Territory 1868-1889 Wyoming Territory
87%
Mainland Territory 1809-1817 Illinois Territory
86%
Mainland Territory 1812-1820 Missouri Territory
86%
State 1787-Present Pennsylvania
86%
State 1816-Present Indiana
85%
Mainland Territory 1800-1815 Indiana Territory
85%
State 1837-Present Michigan
85%
Mainland Territory 1805-1835 Michigan Territory
85%
Mainland Territory 1798-1816 Mississippi Territory
85%
State 1882-Present Nebraska
85%
Mainland Territory 1854-1860 Nebraska Territory
85%
Overseas Territory 1899-Present Puerto Rico
85%
US Administered Territory 1899-19021906-1909 1917-1922 Cuba
83%
Mainland Territory 1839-1857 Minnesota Territory
83%
Joint Military Occupation 1945-1952 Japan
81%
US Administered Territory 1945-1968 Marcus Islands
81%
US Administered Territory 1945-1968 Nanpo Islands
81%
US Administered Territory 1952-1972 Ryuku Islands
81%
Overseas Territory 1900-Present American Samoa
79%
Overseas Territory 1898-1946 Philippines
78%
Overseas Territory 1917-Present US Virgin Islands
77%
Overseas Territory 1866-1979 Line Islands
75%
Overseas Territory 1935-1979 Pheonix Islands
74%
US Military Occupation 1941-1945 Clipperton Islands
72%
US Administered Territory 1989-1990 Panama
72%
US Military Occupation 2003-2008 Green Zone
71%
Joint Military Occupation 2003-2004 Iraq
71%
US Administered Territory 1947-1986 Trust Territory of the Pacific Islands
69%
US Military Occupation 194501948 US Military Government in Korea
67%
Overseas Territory 1986-Present Northern Mariana Islands
62%
Joint Military Occupation 1918-1919 Austria-Hungary
60%
Overseas Territory 1914-1971 Corn Islands
60%
US Military Occupation 1947-1954 Free Territory of Trieste
60%
Overseas Territory Various-Present Minor Outlying Islands
60%
US Military Occupation 1945-1955 US Occupied Austria
60%
US Administered Territory 1916-19241965-1966 Dominican Republic
59%
US Administered Territory 1912-1933 Nicaragua
58%
Overseas Territory 18791880-Present Serranilla Bank
55%
Joint Military Occupation 1983 Grenada
50%
Overseas Territory 1869-Present Bajo Nuevo Bank
46%
US Military Occupation 1941-1945 Bonaire
44%
Overseas Territory 1863-1972 Swan Islands
44%
Overseas Territory 1869-1981 Quita Sueno Bank
42%
Overseas Territory 1856-1981 Roncador Bank
42%
Overseas Territory ????-Present Serrana Bank
42%
Joint Military Occupation 1941-1946 Iceland
39%
Overseas Territory 1821-1846 Liberia
36%
US Military Occupation 1940-1945 Greenland
35%
Mainland Territory 1787-1799 Northwest Territory
30%
US Military Occupation 1865-1870 1st Military District
28%
US Military Occupation 1865-1868 2nd Military District
28%
US Military Occupation 1865-1968 3rd Military District
28%
US Military Occupation 1865-1870 4th Military District
28%
US Military Occupation 1865-1870 5th Military District
28%
Overseas Territory 1903-1979 Panama Canal Zone
26%
Overseas Territory 1857-Present Navassa Island
24%
Mainland Territory 1790-1796 South West Territory
19%
Mainland Territory 1804-1811 Orleans Territory
16%
US Military Occupation 1941-1945 Suriname
15%
US Military Occupation 1941-1945 Aruba
14%
US Military Occupation 1941-1945 Curacao
11%
US Military Occupation 1941-1945 St Maarten
9%
Joint Military Occupation 1918-1923 Constantinople
8%
Mainland Territory 1854-1889 Public Land Strip
7%
Mainland Territory 1790-1792 Erie Triangle
6%
No matching quizzes found
Score Distribution
Percent of People with Each Score
Percentile by Number Answered
Your Score History
You have not taken this quiz